[Event "XV C.to Mondiale seniores"]
[Site "Lignano Sabbiadoro ITA"]
[Date "2005.10.06"]
[Round "8"]
[White "Klundt, Klaus"]
[Black "Klovans, Janis"]
[Result "1/2-1/2"]
[WhiteElo "2382"]
[BlackElo "2463"]
[PlyCount "72"]
[EventDate "2005.09.28"]

1. e4 e5 2. Nf3 Nc6 3. Bb5 a6 4. Ba4 d6 5. O-O Bd7 6. c3 Nf6 7. d4 g6 8. Re1
Bg7 9. dxe5 Nxe5 10. Nxe5 dxe5 11. Bg5 b5 12. Bb3 h6 13. Bh4 Qe7 14. Nd2 Rd8
15. Qe2 g5 16. Bg3 h5 17. Nf3 Ng4 18. h3 h4 19. Bh2 Nh6 20. Kh1 g4 21. Ng1 Qg5
22. Rad1 Qg6 23. Rd3 Rg8 24. Red1 Bf6 25. Qf1 Ke7 26. Bd5 c6 27. Bb3 gxh3 28.
Nxh3 Bxh3 29. Rxh3 Rxd1 30. Bxd1 Qxe4 31. Bf3 Qf5 32. Bxc6 Rd8 33. Re3 Ng4 34.
Re2 Nxh2 35. Kxh2 Qf4+ 36. Kh1 Rd2 1/2-1/2

[Event "XV C.to Mondiale seniores"]
[Site "Lignano Sabbiadoro ITA"]
[Date "2005.10.06"]
[Round "8"]
[White "Korhonen, Erkki"]
[Black "Loda', Domenico"]
[Result "1-0"]
[WhiteElo "2031"]
[BlackElo "1659"]
[PlyCount "63"]
[EventDate "2005.09.28"]

1. d4 c6 2. c4 d5 3. e3 Qc7 4. Nf3 Nd7 5. Nc3 dxc4 6. Bxc4 b5 7. Be2 e5 8. O-O
Ngf6 9. Qc2 Qb8 10. dxe5 Nxe5 11. Nxe5 Qxe5 12. Nxb5 Bb7 13. Nd4 Rc8 14. b4 Nd5
15. a3 Bd6 16. f4 Qf6 17. Nf5 O-O 18. Bb2 Qe6 19. Rf3 f6 20. e4 Nb6 21. Rg3 Rc7
22. Nxd6 Qxd6 23. e5 Qe6 24. exf6 Re8 25. Bd3 h6 26. Bh7+ Kf8 27. Qc5+ Rce7 28.
fxe7+ Rxe7 29. Rxg7 Na4 30. Qxe7+ Qxe7 31. Rxe7 Kxe7 32. Bd4 1-0

[Event "XV C.to Mondiale seniores"]
[Site "Lignano Sabbiadoro ITA"]
[Date "2005.10.06"]
[Round "8"]
[White "Kristiansen, Erling"]
[Black "Serra Olives, Tomas"]
[Result "1/2-1/2"]
[WhiteElo "2266"]
[BlackElo "2128"]
[PlyCount "31"]
[EventDate "2005.09.28"]

1. d4 Nf6 2. c4 g6 3. g3 Bg7 4. Bg2 d5 5. cxd5 Nxd5 6. e4 Nb6 7. Ne2 Nc6 8. d5
Ne5 9. h3 c6 10. Nbc3 cxd5 11. exd5 O-O 12. O-O Bf5 13. g4 Bd3 14. f4 Bxe2 15.
Qxe2 Nec4 16. Qf3 1/2-1/2

[Event "XV C.to Mondiale seniores"]
[Site "Lignano Sabbiadoro ITA"]
[Date "2005.10.06"]
[Round "8"]
[White "Kummer, Heinz"]
[Black "Gardi, Giuseppe"]
[Result "1-0"]
[WhiteElo "1998"]
[BlackElo "2099"]
[PlyCount "73"]
[EventDate "2005.09.28"]

1. e4 g6 2. d4 d6 3. Nc3 c6 4. Be3 Qa5 5. Qd2 e5 6. Bc4 Bg7 7. Nge2 b5 8. Bb3
Nd7 9. O-O Ngf6 10. a3 O-O 11. f3 Bb7 12. Rad1 Rfd8 13. d5 c5 14. Nb1 c4 15.
Qxa5 cxb3 16. cxb3 a6 17. Rc1 Ne8 18. Rc2 f5 19. Rfc1 Rdb8 20. Qe1 Ndf6 21. Nd2
f4 22. Bf2 g5 23. h3 Kf7 24. b4 h5 25. Nb3 g4 26. Na5 Nd7 27. Nxb7 Rxb7 28. Rc8
Rxc8 29. Rxc8 g3 30. Bxg3 fxg3 31. Nxg3 Nb6 32. Rc2 h4 33. Nf5 Bf6 34. Qc1 Nd7
35. Qh6 Nf8 36. Qh5+ Ng6 37. Rc8 1-0

[Event "XV C.to Mondiale seniores"]
[Site "Lignano Sabbiadoro ITA"]
[Date "2005.10.06"]
[Round "8"]
[White "Loktiev, Ivan"]
[Black "Wagner, Carl E."]
[Result "1/2-1/2"]
[WhiteElo "2396"]
[BlackElo "2189"]
[PlyCount "267"]
[EventDate "2005.09.28"]

1. d4 Nf6 2. c4 c5 3. dxc5 Na6 4. Nc3 Nxc5 5. g3 Nce4 6. Nxe4 Nxe4 7. Bg2 Qa5+
8. Kf1 Nf6 9. Qd4 d6 10. Bd2 Qc7 11. Rc1 Bd7 12. e4 Bc6 13. Ne2 e6 14. h3 Be7
15. Kg1 O-O 16. Kh2 Rfd8 17. Rhd1 a6 18. Nc3 Qb8 19. a3 Qa7 20. Qxa7 Rxa7 21.
Be3 Raa8 22. Bb6 Rdc8 23. f3 Nd7 24. Bd4 h6 25. Kg1 Nc5 26. Be3 Na4 27. b3 Nxc3
28. Rxc3 Be8 29. Rdc1 b5 30. cxb5 Rxc3 31. Rxc3 axb5 32. b4 Bf6 33. Rd3 Ra6 34.
Bf4 Be5 35. Bxe5 dxe5 36. Bf1 Kf8 37. Kf2 Ke7 38. Ke3 Rc6 39. Rb3 Rc1 40. Bd3
Rc7 41. Kd2 Kd6 42. Bc2 Ke7 43. Kc1 Kd6 44. Kb2 Rc8 45. Rd3+ Ke7 46. Rd1 Ra8
47. Bb3 Ra6 48. Rc1 Rc6 49. Rc5 Rd6 50. Rc2 Rd3 51. Rf2 Bc6 52. Bc2 Rd6 53. Kc3
Be8 54. Bd3 Ra6 55. Ra2 Kd6 56. Kb3 Ra7 57. Rd2 Ke7 58. Rc2 Rb7 59. Rc5 Kd6 60.
Rc8 Ke7 61. Be2 Rb6 62. Kb2 Rb7 63. Kc3 Rb6 64. Rc7+ Bd7 65. Kb3 Kd6 66. Ra7
Ke7 67. Bd3 Rb8 68. Bc2 Kd6 69. Kc3 Rc8+ 70. Kd2 Rc7 71. Ra5 Rb7 72. Bd3 Be8
73. Ra6+ Ke7 74. Ke3 Bd7 75. f4 exf4+ 76. gxf4 g6 77. h4 h5 78. e5 Rc7 79. Kd4
Rc1 80. Ra7 Ke8 81. Rb7 Ra1 82. Bxb5 Bxb5 83. Rxb5 Rxa3 84. Rb8+ Ke7 85. Rb7+
Kf8 86. b5 Ra4+ 87. Kc5 Rxf4 88. b6 Rf1 89. Rc7 Rb1 90. b7 Kg7 91. Kc6 g5 92.
Rc8 gxh4 93. b8=Q Rxb8 94. Rxb8 Kg6 95. Kd6 Kg5 96. Ke7 Kf4 97. Kxf7 Kxe5 98.
Kg6 Kf4 99. Kxh5 h3 100. Rb3 e5 101. Rxh3 e4 102. Rh4+ Kf3 103. Kg5 e3 104.
Rh3+ Kf2 105. Kf4 e2 106. Rh2+ Kf1 107. Kf3 e1=N+ 108. Kg3 Nd3 109. Rd2 Nc5
110. Rd5 Ne6 111. Kf3 Kg1 112. Ke4 Kf2 113. Kf5 Nc7 114. Rc5 Na6 115. Rc4 Ke3
116. Ke5 Kd2 117. Kd5 Kd3 118. Rh4 Nc7+ 119. Kd6 Nb5+ 120. Kc5 Nc3 121. Rh3+
Kd2 122. Kc4 Ne2 123. Rd3+ Kc2 124. Rd8 Nc3 125. Rh8 Ne2 126. Rh2 Kd2 127. Kd5
Ke3 128. Ke5 Kf3 129. Rh8 Ke3 130. Rh3+ Kd2 131. Ke4 Nc3+ 132. Kd4 Ne2+ 133.
Kc4 Nf4 134. Rd3+ 1/2-1/2

[Event "XV C.to Mondiale seniores"]
[Site "Lignano Sabbiadoro ITA"]
[Date "2005.10.06"]
[Round "8"]
[White "MacDonald-Ross, Michael"]
[Black "Strenzwilk, Denis"]
[Result "1-0"]
[WhiteElo "2233"]
[BlackElo "2104"]
[PlyCount "137"]
[EventDate "2005.09.28"]

1. c4 e6 2. Nf3 d5 3. g3 Nf6 4. Bg2 Be7 5. O-O O-O 6. d4 dxc4 7. Na3 Bxa3 8.
bxa3 Bd7 9. Ne5 Bc6 10. Nxc6 Nxc6 11. Bb2 Nd5 12. Rc1 b5 13. e4 Nb6 14. d5 exd5
15. exd5 Ne7 16. Qg4 Ng6 17. h4 f6 18. Be4 Ne5 19. Qf5 g6 20. Qe6+ Rf7 21. h5
Nbd7 22. Bxe5 Nxe5 23. hxg6 Nxg6 24. d6 Nf8 25. Qf5 Qc8 26. d7 Nxd7 27. Bd5 Ne5
28. Qxf6 c6 29. Be6 Qc7 30. Bxf7+ Nxf7 31. Rfe1 Rf8 32. Rcd1 Nd8 33. Qg5+ Qg7
34. Qxg7+ Kxg7 35. Rd7+ Kg6 36. Rxa7 Rf7 37. Rxf7 Kxf7 38. Rd1 Ke7 39. Kf1 Ne6
40. f4 Nc5 41. Ke2 Ne4 42. Kf3 Nc3 43. Rc1 Nd5 44. a4 Kd6 45. axb5 cxb5 46. a4
Kc6 47. axb5+ Kxb5 48. Ke4 Kc5 49. g4 c3 50. g5 Kc4 51. f5 Ne7 52. f6 Ng6 53.
Rb1 c2 54. Rb7 Nf8 55. Rc7+ Kb3 56. Kd3 Ne6 57. Rb7+ Ka4 58. Kxc2 Nxg5 59. Kd3
h5 60. Rg7 Ne6 61. Re7 Nf8 62. Ke4 h4 63. Kf5 h3 64. Re4+ Kb5 65. Rh4 Kc6 66.
Rxh3 Kd6 67. Rd3+ Kc7 68. f7 Kc8 69. Kf6 1-0

[Event "XV C.to Mondiale seniores"]
[Site "Lignano Sabbiadoro ITA"]
[Date "2005.10.06"]
[Round "8"]
[White "Maugg, Ludwig"]
[Black "Bitzer, Dieter"]
[Result "1/2-1/2"]
[WhiteElo "2125"]
[BlackElo "2003"]
[PlyCount "49"]
[EventDate "2005.09.28"]

1. d4 d5 2. c4 e6 3. Nc3 Nf6 4. cxd5 exd5 5. Bg5 Nbd7 6. e3 c6 7. Bd3 Qa5 8.
Nge2 h6 9. Bf4 Nh5 10. Bg3 Ndf6 11. O-O Nxg3 12. Nxg3 Be6 13. Nf5 g6 14. Nh4
Be7 15. Nf3 Nd7 16. Qc2 O-O-O 17. a3 Kb8 18. b4 Qc7 19. b5 c5 20. dxc5 Nxc5 21.
Nd4 Nxd3 22. Qxd3 Rhg8 23. Rfc1 Rc8 24. Nce2 Qd6 25. a4 1/2-1/2

[Event "XV C.to Mondiale seniores"]
[Site "Lignano Sabbiadoro ITA"]
[Date "2005.10.06"]
[Round "8"]
[White "Mayers, Dan E."]
[Black "Schumacher, Helmut"]
[Result "0-1"]
[WhiteElo "2011"]
[BlackElo "2119"]
[PlyCount "62"]
[EventDate "2005.09.28"]

1. e4 e6 2. Qe2 Be7 3. b3 Nc6 4. f4 Nd4 5. Qc4 c5 6. Ne2 d5 7. Qd3 dxe4 8. Qxe4
Nf6 9. Qd3 O-O 10. Bb2 e5 11. Nxd4 exd4 12. Be2 Nd5 13. Qf3 Bf6 14. O-O Nb4 15.
Na3 Be6 16. c4 d3 17. Bxf6 Qxf6 18. Rae1 dxe2 19. Rxe2 Bf5 20. Re5 Nc6 21. Rxc5
Rad8 22. Rb5 Nd4 23. Qxb7 Nxb5 24. Nxb5 a6 25. Nc3 Rxd2 26. Nd5 Qe6 27. Ne7+
Kh8 28. Nxf5 Qxf5 29. Qb4 Rfd8 30. Re1 Qc2 31. Qb7 Rd1 0-1

[Event "XV C.to Mondiale seniores"]
[Site "Lignano Sabbiadoro ITA"]
[Date "2005.10.06"]
[Round "8"]
[White "Neumann, Horst"]
[Black "Belokopyt, Boris"]
[Result "1-0"]
[WhiteElo "2003"]
[BlackElo "2111"]
[PlyCount "128"]
[EventDate "2005.09.28"]

1. d4 Nf6 2. Nf3 g6 3. Bg5 Bg7 4. Nbd2 d5 5. e3 O-O 6. Be2 c5 7. c3 cxd4 8.
cxd4 Nc6 9. O-O Bf5 10. Nh4 Bd7 11. Nhf3 h6 12. Bh4 Bf5 13. a3 Rc8 14. Rc1 Qb6
15. Qb3 Qxb3 16. Nxb3 Ne4 17. Bb5 g5 18. Bxc6 bxc6 19. Bg3 Nxg3 20. hxg3 g4 21.
Ne5 Bxe5 22. dxe5 f6 23. exf6 Rxf6 24. Rfd1 Rb8 25. Rc3 a5 26. Rd2 Ra8 27. Rd4
e5 28. Ra4 Bd7 29. Nc5 Bf5 30. b4 d4 31. exd4 exd4 32. Rc1 d3 33. bxa5 d2 34.
Rd1 Bc2 35. Rxg4+ Rg6 36. Rxg6+ Bxg6 37. a6 Rd8 38. Nb3 Rc8 39. Nc5 Rd8 40. a7
Ra8 41. Rxd2 Rxa7 42. Rd8+ Kf7 43. Rd7+ Rxd7 44. Nxd7 Ke7 45. Ne5 Be8 46. f4
Ke6 47. Kf2 Kd5 48. Ke3 c5 49. Ng4 Kc4 50. Kd2 h5 51. Ne5+ Kb3 52. f5 c4 53. f6
c3+ 54. Kc1 Kxa3 55. f7 Bxf7 56. Nxf7 Kb4 57. Nd6 Kc5 58. Ne4+ Kd4 59. Nf6 Ke5
60. Nxh5 Kf5 61. Nf4 Ke4 62. Kc2 Kd4 63. g4 Ke4 64. g5 Kf5 1-0

[Event "XV C.to Mondiale seniores"]
[Site "Lignano Sabbiadoro ITA"]
[Date "2005.10.06"]
[Round "8"]
[White "Ollek, Karl Heinz"]
[Black "Rosenfeld, Imre"]
[Result "1-0"]
[WhiteElo "1807"]
[BlackElo "2047"]
[PlyCount "98"]
[EventDate "2005.09.28"]

1. c4 e5 2. Nc3 Nf6 3. g3 Bb4 4. Bg2 O-O 5. e3 Nc6 6. Nge2 d6 7. O-O Re8 8. d3
Bg4 9. Qc2 Rb8 10. a3 Bxc3 11. bxc3 Qd7 12. f3 Bh3 13. Rf2 Bxg2 14. Kxg2 Ne7
15. e4 h6 16. Be3 b6 17. a4 Nc6 18. g4 Nh7 19. h4 Qe7 20. Rh1 f6 21. Ng3 Qf7
22. Qd2 Ne7 23. Kf1 a5 24. Nf5 Nxf5 25. gxf5 Kf8 26. Rg2 Ke7 27. Rhg1 Rg8 28.
Qa2 Kd7 29. d4 Kc6 30. d5+ Kb7 31. Qb3 Qh5 32. Rg4 Nf8 33. Qb5 Rc8 34. Ke2 g5
35. Bxb6 cxb6 36. Rb1 Rc7 37. Qxb6+ Kc8 38. Qxd6 Qf7 39. Qa6+ Kd7 40. Rb7 Kd8
41. Qxa5 Qd7 42. c5 Qc8 43. Ra7 h5 44. Rg1 g4 45. fxg4 Kd7 46. c6+ Kd8 47. d6
Rgg7 48. dxc7+ Ke8 49. Ra8 Rxc7 1-0

[Event "XV C.to Mondiale seniores"]
[Site "Lignano Sabbiadoro ITA"]
[Date "2005.10.06"]
[Round "8"]
[White "Ousatchi, Mark"]
[Black "Cavatorta, Fosco"]
[Result "1-0"]
[WhiteElo "2169"]
[BlackElo "1985"]
[PlyCount "69"]
[EventDate "2005.09.28"]

1. d4 d6 2. e4 Nf6 3. Nc3 g6 4. f4 Bg7 5. Nf3 c5 6. Be3 Ng4 7. Bg1 Qa5 8. Qd2
O-O 9. h3 cxd4 10. Nxd4 Nf6 11. O-O-O Nc6 12. Nb3 Qd8 13. g4 Na5 14. e5 Nxb3+
15. cxb3 Ne8 16. Kb1 Bd7 17. Bg2 Bc6 18. Bxc6 bxc6 19. Bc5 d5 20. Na4 g5 21. f5
Kh8 22. Rde1 Rg8 23. h4 Bh6 24. hxg5 Bxg5 25. Rxh7+ Kxh7 26. Rh1+ Kg7 27. Qxg5+
Kf8 28. Qh6+ Ng7 29. f6 Ke8 30. fxg7 Kd7 31. e6+ fxe6 32. Re1 Kc7 33. Rxe6 Rc8
34. Rxe7+ Kb8 35. Bxa7+ 1-0

[Event "XV C.to Mondiale seniores"]
[Site "Lignano Sabbiadoro ITA"]
[Date "2005.10.06"]
[Round "8"]
[White "Pagnutti, Lorenzo"]
[Black "Davydov, Mikhail"]
[Result "1/2-1/2"]
[WhiteElo "2014"]
[BlackElo "2144"]
[PlyCount "59"]
[EventDate "2005.09.28"]

1. e4 c6 2. d4 d5 3. e5 Bf5 4. Bd3 Bxd3 5. Qxd3 e6 6. Nf3 Qa5+ 7. Nbd2 Qa6 8.
c4 Bb4 9. O-O Ne7 10. b3 Nd7 11. Qc2 dxc4 12. bxc4 Nb6 13. c5 Bxd2 14. Nxd2
Nbd5 15. Ne4 Nf5 16. Nd6+ Nxd6 17. cxd6 O-O 18. Re1 Rad8 19. Qe4 Rd7 20. Bg5
Qa3 21. Rad1 f5 22. exf6 Qxd6 23. fxg7 Kxg7 24. Qxe6 Qxe6 25. Rxe6 Rf5 26. Re5
Kg6 27. Rxf5 Kxf5 28. Bd2 c5 29. f3 cxd4 30. g4+ 1/2-1/2

[Event "XV C.to Mondiale seniores"]
[Site "Lignano Sabbiadoro ITA"]
[Date "2005.10.06"]
[Round "8"]
[White "Rosino, Antonio"]
[Black "Ofstad, Per"]
[Result "1-0"]
[WhiteElo "2285"]
[BlackElo "2164"]
[PlyCount "85"]
[EventDate "2005.09.28"]

1. e4 c6 2. d4 d5 3. Nd2 dxe4 4. Nxe4 Nd7 5. Ng5 Ndf6 6. N1f3 Bg4 7. h3 Bxf3 8.
Nxf3 e6 9. Bd3 Bd6 10. Qe2 Ne7 11. Ne5 Bc7 12. c3 Ng6 13. f4 Qe7 14. Bd2 O-O-O
15. O-O-O Nd5 16. Rhf1 Kb8 17. Be4 Qe8 18. c4 Nf6 19. Bc3 Nxe4 20. Qxe4 f5 21.
Qe3 Nxe5 22. dxe5 Bb6 23. Bd4 Bxd4 24. Rxd4 Rxd4 25. Qxd4 Qd8 26. Rd1 Qxd4 27.
Rxd4 Kc7 28. Rd6 Re8 29. c5 h6 30. b4 b5 31. cxb6+ axb6 32. Kb2 g5 33. g3 gxf4
34. gxf4 h5 35. a4 Rg8 36. Rxe6 Rg2+ 37. Kc3 Rf2 38. a5 Rf3+ 39. Kd2 Rxf4 40.
a6 Rf2+ 41. Ke3 Ra2 42. Re7+ Kd8 43. Ra7 1-0

[Event "XV C.to Mondiale seniores"]
[Site "Lignano Sabbiadoro ITA"]
[Date "2005.10.06"]
[Round "8"]
[White "Scarpellini, Felice"]
[Black "Jacob, Konrad"]
[Result "1/2-1/2"]
[WhiteElo "1942"]
[BlackElo "2049"]
[PlyCount "40"]
[EventDate "2005.09.28"]

1. c4 f5 2. g3 Nf6 3. Bg2 e6 4. e3 c6 5. Ne2 Be7 6. Nbc3 O-O 7. d4 d5 8. cxd5
exd5 9. O-O Qe8 10. Nf4 g5 11. Nd3 Nbd7 12. f4 Ne4 13. Nxe4 fxe4 14. Ne5 Nxe5
15. dxe5 g4 16. Bd2 Bc5 17. Qe2 Bf5 18. Bc3 Rd8 19. Rad1 Rf7 20. Bd4 Bb6
1/2-1/2

[Event "XV C.to Mondiale seniores"]
[Site "Lignano Sabbiadoro ITA"]
[Date "2005.10.06"]
[Round "8"]
[White "Sevenyuk, Alexey"]
[Black "Luecke, Volkmar"]
[Result "1/2-1/2"]
[WhiteElo "1836"]
[BlackElo "2017"]
[PlyCount "74"]
[EventDate "2005.09.28"]

1. Nf3 Nf6 2. d4 g6 3. c4 Bg7 4. Nc3 d5 5. cxd5 Nxd5 6. e4 Nxc3 7. bxc3 c5 8.
Bb5+ Bd7 9. Bxd7+ Qxd7 10. O-O O-O 11. Be3 cxd4 12. cxd4 Rd8 13. Rb1 Nc6 14. d5
Na5 15. Bd4 Bxd4 16. Qxd4 e6 17. Qb4 b6 18. Rfd1 Rac8 19. Qb2 exd5 20. Rxd5 Qa4
21. Qd2 Re8 22. Rd4 Qc2 23. Re1 Qxd2 24. Rxd2 Rc4 25. e5 Nc6 26. g3 Rc5 27.
Rde2 Nb4 28. Rd1 Ra5 29. Rd7 h6 30. Nd4 Raxe5 31. Rxe5 Rxe5 32. Rxa7 Re4 33.
Nb5 Re2 34. Nd6 Rxa2 35. Rxf7 Rd2 36. Rf6 Kh7 37. Rf7+ Kg8 1/2-1/2

[Event "XV C.to Mondiale seniores"]
[Site "Lignano Sabbiadoro ITA"]
[Date "2005.10.06"]
[Round "8"]
[White "Shestoperov, Aleksej"]
[Black "Siegmund, Rainer"]
[Result "1-0"]
[WhiteElo "2432"]
[BlackElo "2128"]
[PlyCount "139"]
[EventDate "2005.09.28"]

1. d4 Nf6 2. Nf3 e6 3. c4 b6 4. e3 Bb7 5. Bd3 d5 6. cxd5 exd5 7. Nc3 Bd6 8. O-O
O-O 9. b3 a6 10. Bb2 Nbd7 11. Rc1 Qe7 12. Ne2 Ne4 13. Ng3 f5 14. Rc2 Rf7 15.
Re1 g6 16. Nf1 Rc8 17. Qe2 Ra8 18. Rec1 c5 19. Re1 b5 20. dxc5 Ndxc5 21. Nd4
Be5 22. f3 Nxd3 23. Qxd3 Nc5 24. Qd2 Ne6 25. Nc6 Bxc6 26. Bxe5 Bb7 27. Ng3 Rff8
28. Rec1 Rfd8 29. Ne2 Rd7 30. Bb2 Kf7 31. Nd4 Nd8 32. f4 Kg8 33. Nf3 Ne6 34.
Ne5 Rc7 35. Rxc7 Nxc7 36. Qd4 Ne6 37. Nc6 Bxc6 38. Qh8+ Kf7 39. Qxh7+ Ke8 40.
Qxe7+ Kxe7 41. Rxc6 Kd7 42. Rc2 Rc8 43. Rxc8 Kxc8 44. h3 Nc5 45. Bc3 Kd7 46. g4
Ke6 47. Kg2 Nd3 48. Bd2 Nc5 49. Kf2 Nd3+ 50. Ke2 Nc5 51. Bb4 Ne4 52. g5 d4 53.
exd4 Kd5 54. Ke3 Ng3 55. h4 Nh5 56. Bd2 Ke6 57. a4 Kd5 58. axb5 axb5 59. Kd3
Ng3 60. Ba5 Nh5 61. Bc7 Ng3 62. Be5 Nh5 63. Kc3 Ng3 64. Kb4 Kc6 65. d5+ Kxd5
66. Kxb5 Ne2 67. b4 Nc1 68. Ka5 Nd3 69. Bb8 Nb2 70. b5 1-0

[Event "XV C.to Mondiale seniores"]
[Site "Lignano Sabbiadoro ITA"]
[Date "2005.10.06"]
[Round "8"]
[White "Smits, Oswald"]
[Black "Harito, Roberto"]
[Result "1-0"]
[WhiteElo "1962"]
[BlackElo "1733"]
[PlyCount "138"]
[EventDate "2005.09.28"]

1. d4 Nf6 2. c4 e6 3. Nc3 b6 4. e4 d6 5. Bg5 Be7 6. Nf3 O-O 7. Bd3 Nbd7 8. Qc2
e5 9. O-O Bb7 10. Rad1 Qc8 11. h3 Re8 12. Rd2 Nh5 13. Be3 Rd8 14. Be2 Nhf6 15.
Rfd1 c5 16. dxe5 dxe5 17. Nh2 Bc6 18. Ng4 Qb7 19. Nd5 Bxd5 20. exd5 Bd6 21.
Nxf6+ Nxf6 22. Bg5 Qe7 23. Qf5 Re8 24. Bxf6 Qxf6 25. Qxf6 gxf6 26. Bg4 Re7 27.
Bf5 a6 28. Re2 b5 29. b3 bxc4 30. bxc4 Rb8 31. Re4 Kg7 32. Rg4+ Kh8 33. Rh4 Rb2
34. Bxh7 Kg7 35. Be4 Reb7 36. Rg4+ Kf8 37. h4 Rxa2 38. h5 Rbb2 39. Rf1 f5 40.
Bxf5 e4 41. h6 Be5 42. Bxe4 Rb8 43. h7 Ke7 44. Rg8 Rab2 45. g3 a5 46. Ra1 Bd4
47. Rxb8 Rxb8 48. Rxa5 Kd6 49. Ra2 Ke5 50. Bc2 Rh8 51. Kg2 f5 52. f4+ Kd6 53.
Ra6+ Kc7 54. Bxf5 Kb7 55. Rg6 Kc7 56. Be6 Rxh7 57. f5 Rg7 58. Rxg7+ Bxg7 59.
Kf3 Kd6 60. Kg4 Be5 61. Kh4 Ke7 62. g4 Kf6 63. g5+ Kg7 64. Kh5 Bf4 65. f6+ Kh8
66. Kg6 Bd6 67. Kf7 Be5 68. Ke8 Bd6 69. g6 Bf8 1-0

[Event "XV C.to Mondiale seniores"]
[Site "Lignano Sabbiadoro ITA"]
[Date "2005.10.06"]
[Round "8"]
[White "Thieme, Hans"]
[Black "Maissenbacher, Werner"]
[Result "1-0"]
[WhiteElo "2091"]
[BlackElo "1981"]
[PlyCount "77"]
[EventDate "2005.09.28"]

1. Nf3 Nf6 2. d4 d5 3. e3 e6 4. Bd3 c6 5. Ne5 Nbd7 6. f4 Be7 7. Nd2 c5 8. c3
Qc7 9. O-O O-O 10. g4 g6 11. h4 cxd4 12. exd4 b6 13. h5 Bb7 14. Qf3 gxh5 15. g5
Ne4 16. Nxe4 dxe4 17. Bxe4 Bxe4 18. Qxe4 f5 19. Qe2 Nxe5 20. fxe5 Kh8 21. Kh2
Rg8 22. Rg1 h4 23. Bf4 Rg7 24. Qf3 Rag8 25. d5 exd5 26. Rae1 Qd8 27. e6 Bxg5
28. Rxg5 Rxg5 29. Be5+ R5g7 30. Qxf5 Qf8 31. Bf6 Qd6+ 32. Re5 Qc5 33. Re1 Qd6+
34. Be5 Qf8 35. Rf1 Qxf5 36. Rxf5 h6 37. Rf7 Kh7 38. Bxg7 Rxg7 39. e7 1-0

[Event "XV C.to Mondiale seniores"]
[Site "Lignano Sabbiadoro ITA"]
[Date "2005.10.06"]
[Round "8"]
[White "Thonig, Manfred"]
[Black "Recubini, Dante"]
[Result "1/2-1/2"]
[WhiteElo "1836"]
[BlackElo "1481"]
[PlyCount "104"]
[EventDate "2005.09.28"]

1. f4 e6 2. Nf3 Nf6 3. e3 d6 4. b3 Be7 5. Bb2 O-O 6. Bc4 a6 7. Bd3 Nbd7 8. O-O
b6 9. c4 Bb7 10. Nc3 c5 11. Qc2 h6 12. e4 e5 13. fxe5 dxe5 14. Nd5 Bd6 15. Rae1
Re8 16. Nh4 Nxd5 17. Nf5 N7f6 18. exd5 Kh8 19. Nxd6 Qxd6 20. Rf5 e4 21. Be2 Bc8
22. Rxf6 gxf6 23. Rf1 Re5 24. Bxe5 Qxe5 25. Qd1 Bf5 26. Qe1 Bg6 27. Qh4 Kg7 28.
Qf2 Qd4 29. Qe3 Qxe3+ 30. dxe3 f5 31. Rf4 Kf6 32. g4 Ke5 33. h4 fxg4 34. Bxg4
f5 35. h5 Bh7 36. Be2 Rg8+ 37. Kf2 Rg5 38. Rh4 a5 39. a4 Rg7 40. Bd1 Rg5 41.
Rh3 Rg7 42. Rh2 Rg5 43. Kf1 Rg7 44. Re2 Kd6 45. Kf2 Rg5 46. Kf1 Rg7 47. Rh2 Rg5
48. Rf2 Ke5 49. d6 Kxd6 50. Rd2+ Ke7 51. Rd5 Bg8 52. Re5+ Kd6 1/2-1/2

[Event "XV C.to Mondiale seniores"]
[Site "Lignano Sabbiadoro ITA"]
[Date "2005.10.06"]
[Round "8"]
[White "Titz, Heimo"]
[Black "Zhelesny, Stanislav"]
[Result "1-0"]
[WhiteElo "2184"]
[BlackElo "2277"]
[PlyCount "107"]
[EventDate "2005.09.28"]

1. c4 Nf6 2. Nc3 d5 3. cxd5 Nxd5 4. g3 c6 5. Nf3 g6 6. Bg2 Bg7 7. O-O O-O 8. d4
Nb6 9. h3 Be6 10. e4 f6 11. b3 Bf7 12. Be3 N8d7 13. Rc1 e6 14. Qe2 Re8 15. Rfd1
Qb8 16. Bf4 e5 17. dxe5 Nxe5 18. h4 a6 19. Nxe5 fxe5 20. Be3 Qc7 21. Nd5 Nxd5
22. exd5 e4 23. dxc6 bxc6 24. Qc2 Qa5 25. Bxe4 Rac8 26. Bg2 Qb5 27. Qd2 Be5 28.
Kh2 Qb8 29. Bg5 c5 30. Bd5 Bd4 31. Bxf7+ Kxf7 32. Re1 Rxe1 33. Rxe1 Re8 34.
Rxe8 Kxe8 35. Qe2+ Qe5 36. Qxe5+ Bxe5 37. Be3 Bd6 38. Kg2 Kd7 39. Kf3 Ke6 40.
Ke4 h5 41. Bd2 Be7 42. f3 Bf6 43. Be1 g5 44. hxg5 Bxg5 45. Bf2 Be7 46. g4 h4
47. f4 h3 48. Bg3 Kd6 49. g5 c4 50. bxc4 Kc5 51. Ke5 Kxc4 52. Ke6 Bf8 53. g6
Kd4 54. f5 1-0

[Event "XV C.to Mondiale seniores"]
[Site "Lignano Sabbiadoro ITA"]
[Date "2005.10.06"]
[Round "8"]
[White "Zelkind, Eduard"]
[Black "Tavcar, Rado"]
[Result "1-0"]
[WhiteElo "2257"]
[BlackElo "2110"]
[PlyCount "159"]
[EventDate "2005.09.28"]

1. e4 e5 2. Nf3 Nc6 3. Bb5 d6 4. c3 Bd7 5. O-O Be7 6. d4 Bf6 7. Be3 Nge7 8.
Nbd2 Ng6 9. Re1 O-O 10. Bf1 Nf4 11. Qb3 b6 12. Qc2 Ng6 13. d5 Na5 14. b4 Nb7
15. g3 Be7 16. Bd3 a5 17. a3 Qc8 18. c4 f5 19. exf5 Bxf5 20. Bxf5 Qxf5 21. Qxf5
Rxf5 22. Kg2 Raf8 23. Ng1 Bg5 24. Ne4 Bxe3 25. Rxe3 Ne7 26. Rd3 h6 27. Ne2 Ra8
28. Rdd1 Rf7 29. N2c3 Rd8 30. Nb5 Nf5 31. h4 Kf8 32. Re1 g6 33. Kh3 Ng7 34. Rf1
Ne8 35. f3 Rdd7 36. Na7 Nf6 37. Nc3 Nd8 38. bxa5 bxa5 39. Rab1 c5 40. Nc8 Ne8
41. Ne4 Nb7 42. Rb6 Rd8 43. Na7 Rdd7 44. Kg2 Nd8 45. Nb5 Nb7 46. Rb1 Ke7 47.
Na7 Kf8 48. Nc6 Kg7 49. Ra6 Nd8 50. Rb8 Nc7 51. Rxa5 Nxc6 52. dxc6 Rde7 53.
Nxd6 Rf6 54. Rd8 Ne6 55. Ne8+ Kf7 56. Nxf6 Nxd8 57. Nd5 Nxc6 58. Rxc5 Re6 59.
Kf2 Nd4 60. Rc7+ Kf8 61. Ra7 Rc6 62. Ne3 Rf6 63. Kg2 Rxf3 64. Ng4 e4 65. Ne5
Rc3 66. Nxg6+ Kg8 67. Ne7+ Kh8 68. Nd5 Rc2+ 69. Kf1 Kg8 70. Nf6+ Kf8 71. Nxe4
Rxc4 72. Kf2 Nb5 73. Ra8+ Kg7 74. Ke3 h5 75. Ra5 Nc7 76. a4 Kg6 77. Rg5+ Kh6
78. Rc5 Rxa4 79. Rxc7 Ra3+ 80. Rc3 1-0

[Event "XV C.to Mondiale seniores"]
[Site "Lignano Sabbiadoro ITA"]
[Date "2005.10.06"]
[Round "8"]
[White "Zilahi, Gabor"]
[Black "Ljubarskij, Juri"]
[Result "1/2-1/2"]
[WhiteElo "2117"]
[BlackElo "2290"]
[PlyCount "43"]
[EventDate "2005.09.28"]

1. d4 d6 2. Bg5 Nd7 3. Nf3 Ngf6 4. Nc3 c6 5. h3 e5 6. e3 Be7 7. dxe5 dxe5 8.
Bc4 O-O 9. Qe2 Ne8 10. Bxe7 Qxe7 11. Nd2 Nd6 12. Bb3 Nc5 13. O-O e4 14. Rfd1
Nf5 15. Na4 Nxa4 16. Bxa4 Nh4 17. Qh5 g6 18. Qh6 Re8 19. Bb3 Nf5 20. Qf4 b5 21.
c4 Bb7 22. Bc2 1/2-1/2

[Event "XV C.to Mondiale seniores"]
[Site "Lignano Sabbiadoro ITA"]
[Date "2005.10.06"]
[Round "8"]
[White "Zurel, Maxim"]
[Black "Krasevec, Viktor"]
[Result "1/2-1/2"]
[WhiteElo "1945"]
[BlackElo "2065"]
[PlyCount "81"]
[EventDate "2005.09.28"]

1. e4 d6 2. d4 g6 3. Nf3 Bg7 4. Be2 Nf6 5. Nc3 O-O 6. O-O Bg4 7. Be3 Nfd7 8. h3
Bxf3 9. Bxf3 e5 10. d5 f5 11. Kh2 a5 12. a3 Na6 13. Be2 Nac5 14. f3 b6 15. Bb5
Nf6 16. b4 axb4 17. axb4 Rxa1 18. Qxa1 Ncd7 19. Bd3 f4 20. Bf2 Nh5 21. Nb5 Ndf6
22. Qa7 Rf7 23. Ra1 Ne8 24. Qa8 Qe7 25. Nxc7 Qxc7 26. Qxe8+ Bf8 27. Qc6 Qd8 28.
Ra8 Qf6 29. Qc8 Kg7 30. Qd8 Qe7 31. Ba6 Qc7 32. Qxc7 Rxc7 33. Bd3 Be7 34. g3
fxg3+ 35. Bxg3 Nxg3 36. Kxg3 Bg5 37. Kf2 Bd2 38. c4 Bc3 39. Ra4 Kf6 40. Ke2 Bd4
41. h4 1/2-1/2

[Event "XV C.to Mondiale seniores"]
[Site "Lignano Sabbiadoro ITA"]
[Date "2005.10.07"]
[Round "9"]
[White "Asmundsson, Ingvar"]
[Black "Altshul, Raffael"]
[Result "1/2-1/2"]
[WhiteElo "2299"]
[BlackElo "2268"]
[PlyCount "58"]
[EventDate "2005.09.28"]

1. e4 d6 2. d4 g6 3. c3 Nf6 4. Bd3 Bg7 5. Nf3 O-O 6. O-O c5 7. dxc5 dxc5 8. Qe2
Nc6 9. h3 Qc7 10. Re1 Rd8 11. Bc2 e5 12. Kh2 Nh5 13. g3 Qd7 14. Ng1 Qe7 15. Be3
b6 16. Nd2 Nd4 17. cxd4 cxd4 18. Nf1 dxe3 19. Nxe3 Nf6 20. Nf3 Bb7 21. Nd2 Rac8
22. f3 Bh6 23. Ndf1 Rd4 24. Bb3 Rcd8 25. Red1 Qd7 26. Ng4 Nxg4+ 27. hxg4 Qe7
28. Ne3 Bxe3 29. Qxe3 Rxd1 1/2-1/2